1399 1739 1929 1108 1295 1471 1180 1567 1016 1952 1412 1177 1472 1283 1437 1185 1453 1207 1074 1087 1584 1835 2000 1867 1373 1302 1106 1829 1384 1948 1355 1657 1057 1189 1179 1501 1835 1527 1739 1850 1211 1897 1630 1896 1839 1835 1976 1001 1355 1165 1467 1298 1003 1136 1218 1854 1136 1747 1477 1781 1486 1509 1106 1495 1700 1997 1327 1469 1118 1072 1591 1766 1677 1494 1155 1469 1890 1102 1488 1457 1258 1355 1748 1917 1429 1202 1915 1747 1482 1746 1516 1278 1192 1402 1980 1869 1312 1823 1047 BCNSPRNW ULIB Ver.6.0+V

เปลี่ยนเป็นภาษาไทย

Change to English
 แสดงรายละเอียดบรรณานุกรม
  กลับหน้าหลัก

Brief Record : Get Marc (ISO 2709) : E-mail record : QR code < ปิดหน้าต่าง
LEADER : 00000nam 2200000uu 4500
001    13399108885
003     ULIB
008    110316s||||||||th 000 0 tha d
024    9789990795202
060  4 WY20.5ร777ก 2547
100 0  เรณา พงษ์เรืองพันธุ์ และประสิทธิ์ พงษ์เรืองพันธุ์
245 00 การวิจัยเชิงคุณภาพด้านสุขภาพอนามัย^cเรณา พงษ์เรืองพันธุ์ และประสิทธิ์ พงษ์เรืองพันธุ์
250    พิมพ์ครั้งที่ 3
260    ชลบุรี:^bภาควิชาวิจัยประเมินผลและการบริหารทางการพยาบาล คณะพยาบาลศาสตร์ มหาวิทยาลัยบูรพา^c2547
300    51 หน้า:^bภาพประกอบ
650  7 สุขภาพอนามัย^xการวิจัย
650  7 การวิจัยเชิงคุณภาพ
700 0  ประสิทธิ์ พงษ์เรืองพันธุ์
945    ^p70^l0^i017248
945    ^p70^l0^i017247
945    ^p70^l0^i017246
945    ^p70^l0^i017245
945    ^p70^l0^i017978
945    ^p70^l0^i017244
995    เกษร
999 ^a ใช้งานได้ทุกระบบ
รายการนี้ยังไม่มีแท็ก
คุณยังไม่ได้ล็อกอิน คุณสามารถมีกิจกรรมร่วมกับเว็บไซต์ได้ แต่ต้องล็อกอินก่อน ::
  ล็อกอิน

รายการสื่อสารสนเทศ

ลำดับที่ ประเภท เลขเรียก/บาร์โค้ด สถานที่ สถานะ
- ไม่พบข้อมูล -

รายการใกล้เคียง
    หัวเรื่อง [การวิจัยเชิงคุณภาพ]

BibComment


ยังไม่เคยถูกคอมเมนท์

คอมเมนท์ทรัพยากรรายการนี้
  คอมเมนท์: การวิจัยเชิงคุณภา..


 Copyright 2026. Bcnsprnw @Library